| 000 | 00562nam a22001697a 4500 | ||
|---|---|---|---|
| 003 | NUST | ||
| 038 | _aNusrat Nadeem | ||
| 082 | _a200 | ||
| 100 |
_aAli, Shanzae _9120284 |
||
| 245 |
_aSOCIAL MEDIA AND ENACTMENT OF ENTREPRENEURIAL OPPORTUNITIES: EVIDENCES FROM PAKISTAN/ _cShanzae Ali, |
||
| 264 |
_aIslamabad, _c2023. _bNBS NUST; |
||
| 300 |
_aill, _b88,p: _c30,cm. |
||
| 650 |
_aMS- Management and Human Resource _9122991 |
||
| 700 |
_aSupervisor: Dr. Ayesha Abrar _9120210 |
||
| 856 | _uhttp://10.250.8.41:8080/xmlui/handle/123456789/38688 | ||
| 942 |
_2ddc _cSC |
||
| 999 |
_c607645 _d607645 |
||